Online
Catalog

Bibliografía de la literatura hispánica / (Record no. 38831)

MARC details
000 -CABECERA
campo de control de longitud fija 00644nam a2200181 a 4500
001 - NÚMERO DE CONTROL
campo de control 000039341
005 - FECHA Y HORA DE LA ÚLTIMA TRANSACCIÓN
campo de control 20201002031614.0
008 - DATOS DE LONGITUD FIJA--INFORMACIÓN GENERAL
campo de control de longitud fija 130621s1983 sp 000 0 spa d
020 ## - NÚMERO INTERNACIONAL ESTÁNDAR DEL LIBRO
Número Internacional Estándar del Libro 8400054954(v.1)
040 ## - FUENTE DE LA CATALOGACIÓN
Centro catalogador/agencia de origen DO-SdBNP
100 1# - ENTRADA PRINCIPAL--NOMBRE DE PERSONA
Nombre de persona Simón Díaz, José
9 (RLIN) 61804
245 10 - MENCIÓN DE TÍTULO
Título Bibliografía de la literatura hispánica /
Mención de responsabilidad, etc. José Simón Díaz.
250 ## - MENCIÓN DE EDICIÓN
Mención de edición 3a. ed. corr. y aumentada
260 ## - PUBLICACIÓN, DISTRIBUCIÓN, ETC.
Lugar de publicación, distribución, etc. Madrid :
Nombre del editor, distribuidor, etc. Consejo Superior de Investigaciones Científicas :
-- Instituto de Filosofía "Luis Vives,",
Fecha de publicación, distribución, etc. 1983.
300 ## - DESCRIPCIÓN FÍSICA
Extensión v. ;
Dimensiones 26 cm.
500 ## - NOTA GENERAL
Nota general La biblioteca posee el v. 1
710 2# - PUNTO DE ACCESO ADICIONAL--NOMBRE DE ENTIDAD CORPORATIVA
Nombre de entidad corporativa o nombre de jurisdicción como elemento de entrada Bibliografía de la literatura hispánica
9 (RLIN) 65524
Holdings
Estado de retiro Estado de pérdida Restricciones de uso No para préstamo Código de colección Localización permanente Ubicación/localización actual Ubicación en estantería Fecha de adquisición Número de inventario Total de préstamos Signatura topográfica completa Código de barras Fecha visto por última vez Precio válido a partir de Tipo de ítem Koha
      Excluido de préstamo Monografías: Libros y Folletos Patrimonio Dominicano Patrimonio Dominicano En catalogación 24.06.2013 LF1   v. 1 39341-10 25.06.2020 25.06.2020 No se presta

Powered by Koha